[Event "7. Lichtenberger Sommer"]
[Site "Berlin"]
[Date "2008.08.18"]
[Round "3.80"]
[White "Baumgärtner, André"]
[Black "Schalck, Christiano"]
[Result "0-1"]
[WhiteElo "879"]
[BlackElo "1747"]
[PlyCount "92"]
[EventDate "2008.??.??"]
[WhiteTeam "SC Friesen Lichtenberg e.V."]
[BlackTeam "SC Schwarz-Weiß Lichtenrade e.V."]

1. d4 d5 2. c4 e6 3. Nc3 c6 4. a3 dxc4 5. e3 b5 6. Nf3 Nd7 7. Be2 Qc7 8. O-O
Ngf6 9. h3 Bd6 10. e4 e5 11. d5 a6 12. b3 cxb3 13. Qxb3 Nc5 14. Qc2 O-O 15. Bg5
Nfd7 16. Nd2 h6 17. Be3 Bb7 18. Nb3 Nxb3 19. Qxb3 Bc5 20. Rac1 Bxe3 21. fxe3
Qb6 22. Rf3 c5 23. Qb2 Rac8 24. a4 b4 25. Nd1 Rfe8 26. Bc4 Qd6 27. Nf2 a5 28.
Ng4 Nf6 29. Nf2 Ba6 30. Qe2 Bxc4 31. Qxc4 Qb6 32. Qb3 Qa6 33. Rc4 Nd7 34. Nd3
Qg6 35. Rf5 Qd6 36. Qc2 Rc7 37. Rf1 Rec8 38. Qf2 f6 39. Qf5 Nb6 40. Rc2 c4 41.
Nb2 c3 42. Nd1 b3 43. Rxc3 Rxc3 44. Nxc3 Rxc3 45. Qe6+ Qxe6 46. dxe6 b2 0-1

[Event "7. Lichtenberger Sommer"]
[Site "Berlin"]
[Date "2008.08.18"]
[Round "3.81"]
[White "Apel, Wolfgang"]
[Black "Körner, Helmut"]
[Result "1/2-1/2"]
[WhiteElo "1786"]
[BlackElo "1981"]
[PlyCount "96"]
[EventDate "2008.??.??"]
[WhiteTeam "SV Berolina Mitte e.V."]
[BlackTeam "Sfr.Nord-Ost Berlin"]

1. c4 e5 2. Nc3 Nc6 3. e3 g6 4. d4 d6 5. d5 Nce7 6. e4 Bg7 7. f4 f5 8. fxe5
dxe5 9. Nf3 f4 10. g3 fxg3 11. hxg3 Bg4 12. Be2 Bxf3 13. Bxf3 Nf6 14. Be3 Qd7
15. Bg5 h5 16. Qe2 O-O-O 17. O-O-O Kb8 18. Kb1 Nc8 19. c5 c6 20. b4 Rde8 21.
Bxf6 Bxf6 22. d6 Bg5 23. Ka1 Rhf8 24. Bg2 Qg4 25. Bh3 Qxe2 26. Nxe2 Rd8 27.
Rhf1 a5 28. a3 axb4 29. axb4 b6 30. cxb6 Kb7 31. Kb2 Nxb6 32. Kb3 Rxf1 33. Bxf1
Nc8 34. d7 Nb6 35. Rd6 Rxd7 36. Rxg6 Be3 37. Nc3 Kc7 38. Re6 Rg7 39. Ne2 Rg5
40. Bh3 Bf2 41. Bf5 Bxg3 42. Nxg3 Rxg3+ 43. Kc2 Nc4 44. Re7+ Kb6 45. Bc8 Nd6
46. Bf5 Nxf5 47. exf5 Rf3 48. Rxe5 h4 1/2-1/2

[Event "7. Lichtenberger Sommer"]
[Site "Berlin"]
[Date "2008.08.18"]
[Round "3.82"]
[White "Junghänel, Dieter"]
[Black "Radjenovic, Branko"]
[Result "0-1"]
[WhiteElo "1755"]
[BlackElo "1903"]
[PlyCount "64"]
[EventDate "2008.??.??"]
[WhiteTeam "SV Motor Wildau e.V."]
[BlackTeam "SK Aleksandar Matanovic"]

1. f4 d5 2. Nf3 Bg4 3. Ne5 Bf5 4. d3 Nd7 5. Nxd7 Qxd7 6. e3 c5 7. b3 Nf6 8. Nd2
e6 9. h3 h6 10. Bb2 Be7 11. g4 Bh7 12. Nf3 Rc8 13. Qd2 b5 14. Ne5 Qc7 15. Bg2
c4 16. c3 cxd3 17. Nxd3 Ne4 18. Bxe4 Bxe4 19. O-O O-O 20. Rac1 Qb6 21. Ne5 Rc7
22. b4 Rfc8 23. Qd4 Qa6 24. a3 f6 25. Nf3 Bxf3 26. Rxf3 Rc4 27. Qd3 Qb7 28.
Rff1 Bd8 29. Rc2 Bb6 30. Bc1 d4 31. Bd2 Qd5 32. e4 dxc3+ 0-1

[Event "7. Lichtenberger Sommer"]
[Site "Berlin"]
[Date "2008.08.18"]
[Round "3.84"]
[White "Würsig, Mathias"]
[Black "Wege, Hermann"]
[Result "0-1"]
[WhiteElo "1487"]
[BlackElo "1980"]
[PlyCount "61"]
[EventDate "2008.??.??"]
[WhiteTeam "SV Blau-Gelb 1899 Hosena e.V."]
[BlackTeam "Schachclub Rathenow e.V."]

1. e4 c5 2. Nf3 e6 3. d4 cxd4 4. Nxd4 a6 5. Be2 Nf6 6. Bd3 Qc7 7. O-O Nc6 8.
Nb3 Be7 9. Be3 O-O 10. Nc3 b5 11. Ne2 Bb7 12. Nf4 d5 13. Nh5 dxe4 14. Nxf6+
Bxf6 15. Bxe4 Bxb2 16. Rb1 Bf6 17. Nc5 Na5 18. Nxb7 Nxb7 19. Qf3 Rfb8 20. Rbd1
Be5 21. g3 f5 22. Bc6 Bd6 23. Rd3 a5 24. Rfd1 Ra6 25. Bxb5 Rb6 26. Bxb6 Qxb6
27. Bc6 Be5 28. Bxb7 Rxb7 29. Rd8+ Kf7 30. Qh5+ Kf6 31. Rf8+ 0-1

[Event "7. Lichtenberger Sommer"]
[Site "Berlin"]
[Date "2008.08.18"]
[Round "3.85"]
[White "Prix, Siegfried"]
[Black "Paris, Gerhard"]
[Result "1/2-1/2"]
[WhiteElo "1761"]
[BlackElo "1696"]
[PlyCount "103"]
[EventDate "2008.??.??"]
[WhiteTeam "Sfrd. Berlin 1903 e.V."]
[BlackTeam "TSG Oberschöneweide e.V."]

1. e4 e5 2. Nf3 d6 3. d4 Nf6 4. dxe5 Nxe4 5. Bc4 c6 6. O-O d5 7. Bd3 Nc5 8. Be2
Be7 9. c4 Be6 10. cxd5 Bxd5 11. Nc3 Be6 12. Qxd8+ Bxd8 13. Be3 Nca6 14. Ne4 Be7
15. Nd6+ Bxd6 16. exd6 O-O 17. Bg5 f6 18. Bf4 Nb4 19. a3 Nd5 20. Bg3 Nd7 21.
Rfe1 Rad8 22. Nd4 Bf7 23. Nf5 Nc5 24. Ne7+ Kh8 25. Bf1 Rfe8 26. Rac1 Nd7 27.
Bc4 N7b6 28. Ba2 g6 29. b4 a6 30. f3 Kg7 31. Bb1 Nxe7 32. Rxe7 Rxe7 33. dxe7
Re8 34. Re1 Nc8 35. Kf2 Rxe7 36. Rd1 Bd5 37. Bf4 Re6 38. Be3 Nd6 39. Bd3 b5 40.
Bc5 Nc4 41. Ra1 Nb2 42. Bc2 Bc4 43. Be3 Kf7 44. Rb1 Nd3+ 45. Bxd3 Bxd3 46. Rd1
Bc4 47. Rd7+ Re7 48. Rd6 Bd5 49. Rd8 Re8 50. Rd7+ Re7 51. Rd8 Re8 52. Rd7+
1/2-1/2

[Event "7. Lichtenberger Sommer"]
[Site "Berlin"]
[Date "2008.08.18"]
[Round "3.86"]
[White "Scenev, Vitalij"]
[Black "Kießling, Beate"]
[Result "0-1"]
[WhiteElo "1452"]
[BlackElo "1692"]
[PlyCount "50"]
[EventDate "2008.??.??"]
[WhiteTeam "SV Berolina Mitte e.V."]
[BlackTeam "Queer-Springer SSV Berlin"]

1. e4 c6 2. d4 d5 3. Nd2 dxe4 4. Nxe4 Nd7 5. Ng5 Ngf6 6. Bc4 e6 7. Qe2 Nb6 8.
N1f3 Nxc4 9. Qxc4 Bd6 10. Qd3 h6 11. Ne4 Nxe4 12. Qxe4 Qc7 13. Bd2 b6 14. O-O-O
Bb7 15. Qg4 O-O-O 16. Rhe1 Kb8 17. Ne5 h5 18. Qxg7 Rhg8 19. Qh6 Rxg2 20. Qxh5
Rxf2 21. Rf1 Rxf1 22. Rxf1 f5 23. Qg5 c5 24. Bc3 cxd4 25. Bxd4 Rc8 0-1

[Event "7. Lichtenberger Sommer"]
[Site "Berlin"]
[Date "2008.08.18"]
[Round "3.87"]
[White "Dvorsky, Rudolf"]
[Black "Berg, Gerd"]
[Result "1/2-1/2"]
[WhiteElo "1794"]
[BlackElo "1717"]
[PlyCount "76"]
[EventDate "2008.??.??"]
[WhiteTeam "SG Narva Berlin e.V."]
[BlackTeam "SK König Tegel 1949 e.V."]

1. e4 c5 2. Nf3 d6 3. d4 cxd4 4. Nxd4 Nf6 5. Nc3 a6 6. Be3 e6 7. g4 Qa5 8. f3
Nfd7 9. Qd2 Ne5 10. Be2 b5 11. b3 Bb7 12. O-O Nbc6 13. Nxc6 Nxc6 14. a3 Be7 15.
Nb1 Qxd2 16. Nxd2 Bf6 17. Rab1 Bd4 18. Kf2 Bxe3+ 19. Kxe3 g5 20. c4 b4 21. a4
a5 22. f4 f6 23. fxg5 fxg5 24. Rf6 Ke7 25. Rbf1 Raf8 26. Rxf8 Rxf8 27. Rxf8
Kxf8 28. Nf3 h6 29. h4 gxh4 30. Nxh4 Kg7 31. Nf3 Kf6 32. Bd3 Ne5 33. Nxe5 Kxe5
34. Bc2 Kf6 35. Kf4 e5+ 36. Kg3 Kg5 37. Bd3 Bc8 38. Be2 Bb7 1/2-1/2

[Event "7. Lichtenberger Sommer"]
[Site "Berlin"]
[Date "2008.08.18"]
[Round "3.88"]
[White "Sampels, Michael"]
[Black "Sawlin, Leonid"]
[Result "0-1"]
[WhiteElo "1745"]
[BlackElo "1872"]
[PlyCount "128"]
[EventDate "2008.??.??"]
[WhiteTeam "SC EPA"]
[BlackTeam "TuS Makkabi Berlin e.V."]

1. e4 e6 2. f4 d5 3. e5 c5 4. Nf3 Nc6 5. c3 b6 6. Na3 Bb7 7. Nc2 Nge7 8. d3 h5
9. Be2 Nf5 10. Ne3 Nh6 11. Ng5 g6 12. Bxh5 gxh5 13. Qxh5 Qd7 14. Ng4 O-O-O 15.
Nxh6 Rxh6 16. Qxf7 Be7 17. Qg7 Bxg5 18. Qxd7+ Kxd7 19. fxg5 Rg6 20. Bf4 Rf8 21.
g3 d4 22. O-O Ke7 23. h4 Rh8 24. Kf2 Rgg8 25. Ke2 Ba6 26. c4 Bb7 27. a3 Kd7 28.
b4 Ne7 29. Bd2 Rg7 30. Rf2 Nf5 31. Bf4 Ke7 32. Raf1 Kf7 33. g4 Nxh4 34. Rh2 Ng6
35. Rh6 Ke7 36. Bg3 Rhg8 37. Rf6 Nf8 38. Bh4 Rg6 39. Rfxg6 Rxg6 40. Rxg6 Nxg6
41. Bg3 Kf7 42. Kf2 Nh8 43. Bf4 Kg6 44. bxc5 bxc5 45. a4 Nf7 46. a5 a6 47. Bc1
Nxe5 48. Ke2 Bf3+ 49. Kd2 Kxg5 50. Ba3 Nd7 51. Ke1 Kxg4 52. Kd2 e5 53. Bb2 e4
54. dxe4 Bxe4 55. Ke2 Ne5 56. Ba3 Bd3+ 57. Kd1 Nd7 58. Kd2 Bxc4 59. Kc2 Bb5 60.
Bxc5 Nxc5 61. Kb2 d3 62. Kc3 Ne4+ 63. Kb2 d2 64. Kc2 Ba4+ 0-1

[Event "7. Lichtenberger Sommer"]
[Site "Berlin"]
[Date "2008.08.18"]
[Round "3.89"]
[White "Schröder, Gert"]
[Black "Thonig, Manfred"]
[Result "0-1"]
[WhiteElo "1079"]
[BlackElo "1728"]
[PlyCount "58"]
[EventDate "2008.??.??"]
[WhiteTeam "SV Königsjäger Süd-West e.V."]
[BlackTeam "SC Starnberg"]

1. c4 f5 2. Nc3 Nf6 3. e3 e6 4. d4 Bb4 5. a3 Bxc3+ 6. bxc3 Ne4 7. Ne2 b6 8. g3
Bb7 9. Rg1 d5 10. Bb2 dxc4 11. Bg2 Nd7 12. Nf4 Qf6 13. Rc1 b5 14. d5 Ndc5 15.
Bf1 O-O-O 16. Qf3 g5 17. Nd3 Nxd3+ 18. Bxd3 cxd3 19. Qd1 Rxd5 20. Kf1 Rhd8 21.
f3 Nc5 22. Rg2 d2 23. Rb1 Rd3 24. c4 Qh6 25. cxb5 g4 26. Rf2 Qh3+ 27. Kg1 Bxf3
28. Re2 Bxe2 29. Qxe2 d1=Q+ 0-1

[Event "7. Lichtenberger Sommer"]
[Site "Berlin"]
[Date "2008.08.18"]
[Round "3.90"]
[White "Boeck, Rüdiger"]
[Black "Bauer, Stefan"]
[Result "1-0"]
[WhiteElo "1605"]
[BlackElo "1816"]
[PlyCount "79"]
[EventDate "2008.??.??"]
[WhiteTeam "SC Weisse Dame Ulm e.V."]
[BlackTeam "SC Kreuzberg e.V."]

1. e4 c5 2. Nf3 d6 3. d4 cxd4 4. Nxd4 Nf6 5. Nc3 a6 6. f4 g6 7. Be2 e5 8. Nf3
Nc6 9. fxe5 dxe5 10. Qxd8+ Kxd8 11. Bg5 Be7 12. O-O-O+ Ke8 13. Rhf1 h6 14. Bh4
g5 15. Bg3 Ng4 16. Nd5 Bd8 17. h3 Nf6 18. Nxe5 Nxe4 19. Bh2 Be6 20. Bf3 Bxd5
21. Rxd5 Nf6 22. Rd6 Be7 23. Nxc6 Bxd6 24. Bxd6 Kd7 25. Ne5+ Kxd6 26. Nxf7+ Ke7
27. Nxh8 Rxh8 28. Bxb7 a5 29. Rf5 Rb8 30. Bf3 a4 31. Ra5 Rb4 32. a3 Rf4 33. Rb5
Kd6 34. Rb4 Nd5 35. Bxd5 Kxd5 36. Rxf4 gxf4 37. Kd2 Kc4 38. Ke2 Kd4 39. Kf3 Ke5
40. b3 1-0

[Event "7. Lichtenberger Sommer"]
[Site "Berlin"]
[Date "2008.08.18"]
[Round "3.91"]
[White "Lippianowski, Stefan"]
[Black "Knauft, Marcel"]
[Result "0-1"]
[WhiteElo "953"]
[BlackElo "1571"]
[PlyCount "62"]
[EventDate "2008.??.??"]
[WhiteTeam "Treptower SV 1949 e.V."]
[BlackTeam "SK 1929 Mainaschaff"]

1. e4 e6 2. d4 d5 3. e5 c5 4. Nf3 Nc6 5. Bg5 Qb6 6. b3 cxd4 7. Na3 Bxa3 8. Bd3
Bb2 9. Rb1 Bc3+ 10. Bd2 Bxd2+ 11. Qxd2 Qb4 12. O-O Qxd2 13. Nxd2 Nxe5 14. Nf3
Nxf3+ 15. gxf3 Ne7 16. Bb5+ Bd7 17. Bxd7+ Kxd7 18. Rfd1 Nc6 19. c4 dxc3 20.
Rbc1 Rac8 21. Rxc3 Nb4 22. Rxc8 Rxc8 23. a3 Nc2 24. a4 Nb4 25. Rd2 Rc3 26. Rb2
Nd3 27. Rb1 Rc1+ 28. Rxc1 Nxc1 29. b4 Na2 30. b5 Nc3 31. Kf1 Nxa4 0-1

[Event "7. Lichtenberger Sommer"]
[Site "Berlin"]
[Date "2008.08.18"]
[Round "3.92"]
[White "Reinacher, Detlev"]
[Black "Möller, Dirk"]
[Result "1-0"]
[WhiteElo "1558"]
[BlackElo "1575"]
[PlyCount "67"]
[EventDate "2008.??.??"]
[WhiteTeam "Schachclub Hansa Dortmund e.V."]
[BlackTeam "SC Kreuzberg e.V."]

1. d4 Nf6 2. c4 e6 3. Nc3 Bb4 4. e3 d5 5. Bd3 O-O 6. Qc2 dxc4 7. Bxc4 a6 8. a3
Bd6 9. b4 b5 10. Bd3 Bb7 11. Nf3 Nbd7 12. e4 e5 13. dxe5 Nxe5 14. Nxe5 Bxe5 15.
Bb2 Qd6 16. g3 Rad8 17. O-O-O Qb6 18. Rhe1 Ng4 19. Re2 Bd4 20. Nd5 Qh6+ 21. Kb1
Bxb2 22. Ne7+ Kh8 23. Qxb2 Qxh2 24. Nf5 Nf6 25. f3 Qh5 26. g4 Qg5 27. Rh2 Rd7
28. e5 Ne8 29. Rdh1 h6 30. Nxh6 gxh6 31. e6+ Kg8 32. Rxh6 f6 33. Rh8+ Kg7 34.
R1h7# 1-0

[Event "7. Lichtenberger Sommer"]
[Site "Berlin"]
[Date "2008.08.18"]
[Round "3.93"]
[White "Mako, Atila"]
[Black "Heyne, Klaus"]
[Result "1-0"]
[WhiteElo "1794"]
[BlackElo "1160"]
[PlyCount "55"]
[EventDate "2008.??.??"]
[WhiteTeam "BSC Rehberge 1945 e.V."]
[BlackTeam "SC Rotation Pankow e.V."]

1. d4 d5 2. Bf4 Nc6 3. Nf3 Nf6 4. h3 e6 5. Nc3 a6 6. e3 Bd6 7. Ne5 Bxe5 8. dxe5
Nd7 9. Qh5 O-O 10. Bg5 Qe8 11. f4 f6 12. Qxe8 Rxe8 13. exf6 Nxf6 14. O-O-O Rf8
15. Be2 b5 16. Bf3 Bb7 17. f5 exf5 18. Bxf6 Rxf6 19. Nxd5 Rf7 20. Nf4 Rb8 21.
Bd5 Ne5 22. Bxf7+ Nxf7 23. Rd7 c6 24. Rhd1 g6 25. Rc7 Ne5 26. Nd3 Nxd3+ 27.
Rxd3 Ba8 28. Rdd7 1-0